000
00300 a2200133 4500
999
_c
324892
_d
324892
001
89819
003
NUST
082
_a
813.00809282 PIX
100
_a
Pixar
_9
9847
245
_a
Toy Story
260
_a
New York
_b
Disney Press
_c
2013
300
_a
306p.
500
_a
General Books
942
_a
CAE NUST
_c
BK
_k
813.00809282 PIX
_2
ddc